A dónde va la izquiera en latinoamerica /

Uloženo v:
Podrobná bibliografie
Hlavní autor: Colussi, Marcelo
Médium: Text
Témata:
Tagy: Přidat tag
Žádné tagy, Buďte první, kdo vytvoří štítek k tomuto záznamu!

MARC

LEADER 00000 a a2200000 04500
001 45481
003
040
090 |a REV0780 (43)2005  
100 |a Colussi, Marcelo  
245 |a A dónde va la izquiera en latinoamerica /  |c Marcelo Colussi  
650 |a SOCIALISMO  
650 |a PODER POLITICO  
773 |g número45, VI Epoca (2005), páginas 30-56  
999 |c 25438  |d 25438